Liber usualis misase et officii pro dominicis et festis duplicibus cum cantu gregoriano
Guardat en:
| Format: | Llibre |
|---|---|
| Idioma: | llatí |
| Publicat: |
Roma
Desclée, Lefebvre and Soc.
1904
|
| Edició: | 1a. ed |
| Matèries: | |
| Etiquetes: |
Afegir etiqueta
Sense etiquetes, Sigues el primer a etiquetar aquest registre!
|
MARC
| LEADER | 00000cam a2200000 a 4500 | ||
|---|---|---|---|
| 001 | UCD1480 | ||
| 003 | CL-VaPUC | ||
| 008 | 160310e19040000it |||||||||||||||||lat|d | ||
| 082 | 0 | 4 | |a 264.023 |b LIB |2 21 |
| 245 | 1 | 0 | |a Liber usualis misase et officii pro dominicis et festis duplicibus cum cantu gregoriano |
| 250 | |a 1a. ed | ||
| 300 | |a 1242 p | ||
| 942 | |c BK | ||
| 945 | |d 20160310 23:10:00 |a dcastane | ||
| 260 | |a Roma |b Desclée, Lefebvre and Soc. |c 1904 | ||
| 650 | 7 | |a LITURGIA |2 CL-VaPUC |9 584573 | |
| 650 | 0 | |a Canto gregoriano |9 332477 | |
| 650 | 0 | |a Música sacra |9 306656 | |
| 650 | 0 | |a Latín |9 269544 | |
| 583 | |a last modification |c 20160310 23:10:00 |k Rodrigo Vera | ||
| 999 | |c 362785 |d 362783 | ||
| 952 | |0 0 |1 0 |3 erd |4 0 |6 264_023000000000000_LIB_1904 |7 0 |8 X |9 474270 |a FDOBUD |b FDOBUD |i 5266173 |o 264.023 LIB 1904 |p 5266173 |r 2019-11-24 |w 2019-11-24 |y BK_X |z Catalogado en:20160310 |k BUD | ||